[Event "III Marcel Duchamp Boca Jun Op"]
[Site "Buenos Aires ARG"]
[Date "2013.06.21"]
[Round "2.6"]
[White "Mandetta,J"]
[Black "Slipak,S"]
[Result "1/2-1/2"]
[WhiteElo "2127"]
[BlackElo "2440"]

1.d4 Nf6 2.c4 e6 3.Nc3 Bb4 4.f3 d5 5.a3 Bxc3+ 6.bxc3 c5 7.cxd5 Nxd5 8.dxc5 Qa5
9.e4 Nf6 10.Be3 O-O 11.Qb3 Nfd7 12.a4 Nc6 13.Qa3 Nde5 14.Rb1 Rd8 15.Be2 Nd4
16.Bxd4 Rxd4 17.Rb5 Qxa4 18.Ra5 Qxa3 19.Rxa3 Rd7 20.f4 Ng6 21.Nh3 Rc7 22.Ra5 Bd7
23.Kf2 Bc6 24.Ke3 a6 25.Rd1 Rac8 26.Nf2 Kf8 27.c4 e5 28.f5 Ne7 29.Ra2 f6
30.Rb2 Ke8 31.Rd6 Rd8 32.Nd3 a5 33.Ra2 a4 34.Nb4 Ra8 35.Bd1 Bd7 36.c6 Bxc6
37.Nxc6 Rxc6 38.Rxc6 Nxc6 39.Rxa4 Rc8 40.Be2 Kd7 41.g4 Nd4 42.Bd3 Kc6 43.h4 h6
44.Ra1 Nb3 45.Rg1 Nc5 46.g5 hxg5 47.hxg5 Ra8 48.Bc2 Ra2 49.Bb1 Ra1 50.gxf6 gxf6
51.Rd1 Ra4 52.Rh1 Ra1 53.Rd1 Ra3+ 54.Ke2 Rc3 55.Rh1 Rxc4 56.Rh6 Nxe4 57.Ke3 Nd6
58.Rxf6 b5 59.Rf8 b4 60.f6 Rf4 61.Ba2 Kd7 62.f7 Ke7 63.Rb8 Nxf7 64.Rb7+ Kf8
65.Bxf7 Rxf7 66.Rxb4 Kg7 67.Rb6 Rf1 68.Ra6 Re1+ 69.Kf3 Kf7 70.Rc6 Ke7 71.Rb6 Rd1
72.Ke4 Rd6 73.Rb5 Kf6 74.Rxe5 Re6 75.Rxe6+ Kxe6  1/2-1/2

[Event "12th TCh-BIH Prem"]
[Site "Sarajevo BIH"]
[Date "2013.06.21"]
[Round "7.3"]
[White "Indjic,A"]
[Black "Jankovic,A"]
[Result "1/2-1/2"]
[WhiteElo "2536"]
[BlackElo "2559"]

1.d4 Nf6 2.c4 e6 3.Nc3 Bb4 4.f3 O-O 5.a3 Bxc3+ 6.bxc3 Nh5 7.Nh3 f5 8.Nf2 d6
9.e4 fxe4 10.Nxe4 Nc6 11.g3 h6 12.f4 Nf6 13.Nxf6+ Qxf6 14.Be3 b6 15.Bd3 Na5
16.O-O Ba6 17.Qe2 d5 18.c5 Bxd3 19.Qxd3 Qf5 20.Qe2 Nc4 21.Rae1 Nxa3 22.Bc1 Nc4
23.g4 Qg6 24.Qxe6+ Qxe6 25.Rxe6 Rae8 26.Rc6 Rf7 27.f5 Na5 28.Rg6 Kh7 29.Bf4 Re4
30.cxb6 axb6 31.Kg2 Rf6 32.Rxf6 gxf6 33.Bxc7 Rxg4+ 34.Kh3 Rg5 35.Bxb6 Nc4
36.Bd8 Kg7 37.Rf3 Nd6 38.Bc7 Nxf5 39.Bg3 Kg6 40.Bf2 Nd6 41.Bg3 Ne4 42.Kg2 h5
43.Kh1 Rf5 44.Kg2 Rxf3 45.Kxf3 Nxc3 46.h4 Kf5 47.Be1 Ne4 48.Bb4 Ke6 49.Kf4 Nf2
50.Ke3 Ng4+ 51.Kf4 Nh6 52.Be1 Nf7 53.Bb4 Nh8 54.Be1 Ng6+ 55.Kf3 Kd7 56.Kg3 Kc6
57.Ba5 Kb5 58.Bd8 f5 59.Kf3 Kc4 60.Bf6 Kd3 61.Be5 Nxh4+ 62.Kf4 Ke2 63.Bf6 Nf3
64.Kxf5 Ke3 65.Bh8 Kf2 66.Bf6 Ke3 67.Bh8 h4 68.Kg4 Ke4 69.Bf6 Nxd4 70.Kxh4 Nf3+
71.Kg3 Ne5 72.Kg2 d4 73.Kf1 d3 74.Bxe5 Kxe5 75.Ke1 Ke4 76.Kd2 Kd4 77.Kd1 Kc3
78.Kc1 d2+ 79.Kd1 Kd3  1/2-1/2

[Event "III Marcel Duchamp Boca Jun Op"]
[Site "Buenos Aires ARG"]
[Date "2013.06.23"]
[Round "3.21"]
[White "Besso,Guadalupe"]
[Black "Latorre,Mat"]
[Result "1-0"]
[WhiteElo "1861"]
[BlackElo "2227"]

1.d4 Nf6 2.c4 e6 3.Nc3 Bb4 4.f3 c5 5.d5 d6 6.e4 O-O 7.Bg5 h6 8.Bh4 exd5 9.cxd5 Re8
10.Bb5 Bd7 11.Bxd7 Nbxd7 12.Ne2 Ne5 13.a3 Ba5 14.O-O Ng6 15.Bxf6 Qxf6 16.Qc2 a6
17.f4 Qe7 18.Ng3 Qd7 19.Rae1 b5 20.Nf5 b4 21.axb4 cxb4 22.Qa4 Qa7+ 23.Kh1 bxc3
24.Qxa5 cxb2 25.Qc3 f6 26.Nxd6 Red8 27.e5 Rab8 28.Qd3 Nf8 29.Nf5 fxe5 30.fxe5 Rb5
31.d6 Rdb8 32.Ne7+ Kh8 33.Rxf8+  1-0

[Event "V4 Liptov IM 2013"]
[Site "Liptovsky Mikulas SVK"]
[Date "2013.06.23"]
[Round "5.4"]
[White "Hausner,I"]
[Black "Jozefek,M"]
[Result "1-0"]
[WhiteElo "2387"]
[BlackElo "2207"]

1.d4 Nf6 2.c4 e6 3.Nc3 Bb4 4.f3 d5 5.a3 Bxc3+ 6.bxc3 c5 7.cxd5 exd5 8.e3 Bf5
9.Ne2 O-O 10.g4 Be6 11.Ng3 Nc6 12.Bd3 Re8 13.O-O Na5 14.Ra2 Nc4 15.g5 Nd7
16.f4 g6 17.f5 gxf5 18.Bxc4 f4 19.Rxf4 dxc4 20.d5 Nf8 21.e4 Ng6 22.Rff2 Qd7
23.Nh5  1-0

[Event "Karvina Open 2013"]
[Site "Karvina CZE"]
[Date "2013.07.01"]
[Round "3.1"]
[White "Simantsev,M"]
[Black "Olsar,J"]
[Result "1-0"]
[WhiteElo "2473"]
[BlackElo "2279"]

1.d4 Nf6 2.c4 e6 3.Nc3 Bb4 4.f3 d5 5.a3 Bxc3+ 6.bxc3 c5 7.cxd5 Nxd5 8.dxc5 Qa5
9.e4 Ne7 10.Be3 O-O 11.Qb3 Nd7 12.Nh3 Qc7 13.Nf2 Nxc5 14.Qc4 b6 15.Bxc5 bxc5
16.Nd3 Bb7 17.Qxc5 Rac8 18.Qxc7 Rxc7 19.Be2 Rxc3 20.Kd2 Rfc8 21.Rhc1 Rxc1
22.Rxc1 Rxc1 23.Nxc1 f5 24.Ke3 Kf7 25.Nd3 fxe4 26.fxe4 Kf6 27.Nc5 Bc6 28.Bg4 e5
29.Bd7 h6 30.Bxc6 Nxc6 31.Kd3 Ke7 32.Kc4 Kd6 33.Nb7+ Ke6 34.Nc5+ Kd6 35.Nb3 a6
36.a4 g6 37.h3 Nb8 38.Nc5 Kc6 39.Nd3 Kd6 40.Nb4 g5 41.g4 Ke6 42.Kc5 Nd7+
43.Kc6 a5 44.Nd3 Nf6 45.Nf2 Nd7 46.Kb5 Kd6 47.Kxa5 Kc5 48.Ka6  1-0

[Event "20th Abu Dhabi Masters 2013"]
[Site "Abu Dhabi UAE"]
[Date "2013.07.02"]
[Round "3.5"]
[White "Volkov,Sergey1"]
[Black "Karavade,E"]
[Result "1/2-1/2"]
[WhiteElo "2613"]
[BlackElo "2398"]

1.d4 Nf6 2.c4 e6 3.Nc3 Bb4 4.f3 c5 5.d5 O-O 6.e4 Re8 7.Ne2 d6 8.Ng3 b5 9.Bf4 Qb6
10.dxe6 Bxe6 11.Qxd6 bxc4 12.Qxb6 axb6 13.Be2 Nc6 14.Kf2 Nd4 15.Rhd1 Nd7
16.Bf1 b5 17.Nge2 Nxe2 18.Nxe2 Nb6 19.a3 Ba5 20.Rdc1 Na4 21.Rab1 b4 22.Be3 Rec8
23.Rc2 b3 24.Rcc1 c3 25.Nxc3 Bxc3 26.bxc3 b2 27.Rc2 Rab8 28.c4 Rb3 29.Be2 Rxa3
30.Rbxb2 Nxb2 31.Rxb2  1/2-1/2

[Event "TCh-MNE Prem 2013"]
[Site "Cetinje MNE"]
[Date "2013.07.02"]
[Round "9.2"]
[White "Geler,A"]
[Black "Kovacevic,A"]
[Result "0-1"]
[WhiteElo "2220"]
[BlackElo "2557"]

1.d4 Nf6 2.c4 e6 3.Nc3 Bb4 4.f3 O-O 5.e4 d5 6.cxd5 exd5 7.e5 Nfd7 8.f4 c5
9.a3 Ba5 10.b4 cxb4 11.axb4 Bxb4 12.Bd2 Nb6 13.Bd3 Nc6 14.Rb1 a5 15.Nge2 Bg4
16.Qc2 Bxe2 17.Nxe2 Rc8 18.Bxb4 Nxb4 19.Qd2 Qh4+ 20.g3 Qh3 21.Kf2 Nc4 22.Qd1 f6
23.Ng1 Qh6 24.Nf3 fxe5 25.dxe5 Qb6+  0-1

[Event "IsBank TCh-TUR 2013"]
[Site "Denizli TUR"]
[Date "2013.07.02"]
[Round "4.3"]
[White "Can,E"]
[Black "Matnadze,A"]
[Result "1-0"]
[WhiteElo "2475"]
[BlackElo "2412"]

1.d4 Nf6 2.c4 e6 3.Nc3 Bb4 4.f3 c5 5.d5 Nh5 6.Nh3 Qh4+ 7.Nf2 Qxc4 8.e4 Bxc3+
9.bxc3 Qxc3+ 10.Bd2 Qd4 11.Qc1 exd5 12.Bc3 Qa4 13.Qg5 O-O 14.Ng4 Qc6 15.Qxh5 d4
16.Bd2 d5 17.Qxd5 Bxg4 18.fxg4 Qxd5 19.exd5 Nd7 20.Be2 Rfe8 21.Kf2 Rad8 22.Rab1 b6
23.Bb5 Re5 24.Bf4 Rxd5 25.Bc6 Nf6 26.Bxd5 Nxd5 27.Kf3 f6 28.Rbc1 Kf7 29.Rhe1 Rd7
30.Bd2 Ne7 31.g5 Nc6 32.gxf6 gxf6 33.Bf4 Nb4 34.Re2 Nd3 35.Rd1 Nb4 36.Rb1 Nd5
37.Rc1 Nb4 38.g4 Nd5 39.Bd2 Ne7 40.g5 Ng6 41.gxf6 Rd5 42.Ke4 Re5+ 43.Kd3 Rh5
44.a4 Ne5+ 45.Ke4 Kxf6 46.Bf4 Rh4 47.Kd5 Nd3 48.Be5+ Nxe5 49.Rf1+ Kg6 50.Kxe5 d3
51.Rg2+ Kh5 52.Rf5+ Kh6 53.Rf6+ Kh5 54.Kf5 h6 55.Rgg6  1-0

[Event "36th Barbera Open"]
[Site "Barbera del Valles ESP"]
[Date "2013.07.04"]
[Round "1.22"]
[White "Dalo,Hermes"]
[Black "Aloma Vidal,R"]
[Result "0-1"]
[WhiteElo "2148"]
[BlackElo "2421"]

1.d4 Nf6 2.c4 e6 3.Nc3 Bb4 4.f3 O-O 5.a3 Bxc3+ 6.bxc3 Ne8 7.Nh3 b6 8.e4 Ba6
9.Bd3 Nc6 10.Bg5 f6 11.Be3 Na5 12.Qe2 c5 13.dxc5 Nb3 14.Rd1 Nxc5 15.Bc2 Rc8
16.Qd2 Qe7 17.Qd4 d6 18.Nf4 Qf7 19.Nd3 e5 20.Qd5 Qxd5 21.exd5 Nxd3+ 22.Bxd3 f5
23.c5 Bxd3 24.Rxd3 bxc5 25.c4 Rb8 26.Ke2 Rf7 27.Rc1 Rfb7 28.Kd2 Kf7 29.Rdc3 Nf6
30.Bg5 Nd7 31.Be3 Rb1 32.Kd3 R8b2 33.R1c2 Nb6 34.Bc1 Rb3 35.Rxb3 Rxb3+ 36.Rc3 Rxc3+
37.Kxc3 Kf6 38.Kd3 g5 39.g4 h5 40.gxh5 f4 41.Bd2 Kg7 42.Be1 Kh6 43.h4 Kxh5
44.hxg5 Kxg5 45.Bf2 Nd7 46.Be1 Nf6 47.Ba5 Kf5 48.Bc3 e4+ 49.fxe4+ Nxe4 50.Ba5 f3
51.Ke3 f2 52.Ke2 Ke5  0-1

[Event "IsBank TCh-TUR 2013"]
[Site "Denizli TUR"]
[Date "2013.07.04"]
[Round "7.4"]
[White "Erdogan,H"]
[Black "Isik,E"]
[Result "0-1"]
[WhiteElo "2257"]
[BlackElo "2215"]

1.d4 Nf6 2.c4 e6 3.Nc3 Bb4 4.f3 d5 5.a3 Bxc3+ 6.bxc3 O-O 7.cxd5 exd5 8.e3 Nh5
9.g3 Re8 10.Bg2 c5 11.Nh3 Nc6 12.O-O Bxh3 13.Bxh3 Nf6 14.Rb1 Qe7 15.Re1 Rad8
16.Qa4 h6 17.Bd2 Nh7 18.Qb5 Ng5 19.Bg2 cxd4 20.exd4 Qxa3 21.Qxb7 Rxe1+ 22.Rxe1 Qd6
23.Bf4 Qd7 24.Qxd7 Rxd7 25.Re8+ Kh7 26.Rc8 Ne7 27.Rb8 Ne6 28.Bd2 Rc7 29.Kf2 g6
30.Bh3 Kg7 31.Ke2 f5 32.Kd3 g5 33.Ra8 Kf6 34.Bc1 Ng6 35.Ba3 Ngf4+ 36.gxf4 Nxf4+
37.Kd2 Nxh3 38.Bd6 Rb7 39.Be5+ Kg6 40.Rg8+ Kh5 41.Kc2 f4 42.Rd8 Rb5 43.Rc8 Ng1
44.Rc5 a6 45.Rc6 Rb7 46.Rd6 Nxf3 47.Rxd5 Kg4 48.c4 Nxh2 49.c5 f3 50.c6 Rb6
51.c7 Rc6+ 52.Rc5 Rxc7  0-1

[Event "Klatov Open A 2013"]
[Site "Klatovy CZE"]
[Date "2013.07.05"]
[Round "7.1"]
[White "Hausner,I"]
[Black "Simek,P2"]
[Result "1/2-1/2"]
[WhiteElo "2387"]
[BlackElo "2378"]

1.d4 Nf6 2.c4 e6 3.Nc3 Bb4 4.f3 d5 5.a3 Bxc3+ 6.bxc3 c5 7.cxd5 Nxd5 8.dxc5 Qa5
9.e4 Nf6 10.Be3 O-O 11.Qb3 Nfd7 12.Kf2 Qc7 13.Qc4 Na6 14.c6 bxc6 15.Ne2 Ne5
16.Qa2 Nd3+ 17.Kg1 e5 18.Qc2 Ndc5 19.Nc1 Qa5 20.h3 f5 21.Kh2 fxe4 22.fxe4 Be6
23.Bxa6 Nxa6 24.Nd3 Bc4 25.Nb4 Rf6 26.Nxa6  1/2-1/2

[Event "6th ch-Cent SRB Int 2013"]
[Site "Paracin SRB"]
[Date "2013.07.05"]
[Round "1.5"]
[White "Spiric,I"]
[Black "Olszewski,Mi"]
[Result "0-1"]
[WhiteElo "2255"]
[BlackElo "2551"]

1.d4 Nf6 2.c4 e6 3.Nc3 Bb4 4.f3 c5 5.d5 O-O 6.e4 Re8 7.Ne2 exd5 8.cxd5 d6
9.Ng3 Nbd7 10.Be2 a6 11.O-O Nf8 12.a3 Ba5 13.Rb1 b5 14.b4 cxb4 15.axb4 Bb6+
16.Kh1 h5 17.Bg5 N8h7 18.f4 Nxg5 19.fxg5 Nh7 20.Bxh5 Nxg5 21.Bg4 g6 22.Bxc8 Rxc8
23.Rc1 Rc4 24.Qg4 Be3 25.Rc2 Qc8 26.Nf5 gxf5 27.Rxf5 Re5  0-1

[Event "Karvina Open 2013"]
[Site "Karvina CZE"]
[Date "2013.07.06"]
[Round "8.1"]
[White "Simantsev,M"]
[Black "Obrusnik,M"]
[Result "1-0"]
[WhiteElo "2473"]
[BlackElo "2230"]

1.d4 Nf6 2.c4 e6 3.Nc3 Bb4 4.f3 d5 5.a3 Bxc3+ 6.bxc3 c5 7.cxd5 Nxd5 8.dxc5 f5
9.e4 fxe4 10.Qc2 e3 11.Bd3 Nd7 12.Ne2 Nxc5 13.O-O Bd7 14.c4 Ba4 15.Qb1 Nb6
16.Bxh7 Nxc4 17.Bg6+ Kf8 18.Qb4 Qd6 19.h3 b5 20.Qc3 Nb3 21.Bxe3 Nxe3 22.Qxe3 Nxa1
23.Rxa1 e5 24.Be4 Rc8 25.Kh2 Rc7 26.Ng3 g6 27.Rc1 Rxc1 28.Qxc1 Kf7 29.Qe3 Qd4
30.Qg5 Qd6 31.Qe3 Qd4 32.Qg5 Qd6 33.Qe3 Qe7 34.Qd3 Rh6 35.Qd5+ Kg7 36.Qc6 Kh7
37.Nh5 b4 38.Qxa4 Rxh5 39.axb4 Qf7 40.Qc6 Kg7 41.Qc5 Kf6 42.g4 Rh7 43.Qd6+ Kg7
44.Qxe5+ Qf6 45.Qb8 Kh6 46.f4 Qe7 47.Qg8 Rg7 48.Qh8+ Rh7 49.g5+ Kh5 50.Qxh7+ Qxh7
51.Kg3  1-0

[Event "19th JCL Summer Masters 2013"]
[Site "Montpellier FRA"]
[Date "2013.07.07"]
[Round "1.8"]
[White "Labadie,JJ"]
[Black "Bujisho,B"]
[Result "0-1"]
[WhiteElo "1982"]
[BlackElo "2381"]

1.d4 Nf6 2.c4 e6 3.Nc3 Bb4 4.f3 d5 5.e3 O-O 6.Bd3 c5 7.a3 Ba5 8.Ne2 cxd4
9.exd4 dxc4 10.Bxc4 Nc6 11.Bg5 h6 12.Bh4 Bb6 13.Bf2 e5 14.d5 Bxf2+ 15.Kxf2 Ne7
16.Qb3 a6 17.a4 Nf5 18.a5 b5 19.axb6 Rb8 20.Bd3 Rxb6 21.Qc2 Nd6 22.Rhd1 Rb4
23.Kf1 e4 24.Bxe4 Ndxe4 25.Nxe4 Nxe4 26.fxe4 Qf6+ 27.Kg1 Rxb2 28.Qd3 Bg4
29.Qxa6 Qxa6  0-1

[Event "120th ch-SCO 2013"]
[Site "Helensburgh SCO"]
[Date "2013.07.08"]
[Round "3.14"]
[White "Parks,J"]
[Black "Pritchett,C"]
[Result "0-1"]
[WhiteElo "1897"]
[BlackElo "2360"]

1.d4 Nf6 2.c4 e6 3.Nc3 Bb4 4.f3 d5 5.a3 Bxc3+ 6.bxc3 c5 7.e3 O-O 8.cxd5 Nxd5
9.Qd3 Nc6 10.Ne2 Na5 11.e4 Nb6 12.Qb5 Nd7 13.dxc5 a6 14.Qb4 Nc6 15.Qb1 Nxc5
16.Be3 Nd3+ 17.Kd1 Nf2+ 18.Ke1 Nxh1 19.f4 Qh4+ 20.g3 Qxh2 21.Bg1 Qh5  0-1

[Event "36th Barbera Open"]
[Site "Barbera del Valles ESP"]
[Date "2013.07.10"]
[Round "7.27"]
[White "Avila Jimenez,J"]
[Black "Garriga Cazorla,Pere"]
[Result "0-1"]
[WhiteElo "2242"]
[BlackElo "2071"]

1.d4 Nf6 2.c4 e6 3.Nc3 Bb4 4.f3 d5 5.a3 Bxc3+ 6.bxc3 c5 7.cxd5 exd5 8.e3 Qc7
9.Ne2 Nc6 10.g4 Be6 11.a4 O-O-O 12.Bg2 g5 13.Kf2 h5 14.h3 hxg4 15.hxg4 Na5
16.dxc5 Rxh1 17.Qxh1 Nb3 18.Rb1 Nxc5 19.Ba3 Nd3+ 20.Kg1 Qe5 21.Kf1 Nxg4 22.fxg4 Rh8
23.Qg1 Qf6+ 24.Nf4 gxf4 25.Ke2 Ne5 26.exf4 Bxg4+ 27.Ke1 Re8 28.Qc5+ Nc6+
29.Kf1 Bf5 30.Rd1 Be4 31.Bh3+ Kc7 32.Bc1 Qh4 33.Qe3 Rh8  0-1

[Event "120th ch-SCO 2013"]
[Site "Helensburgh SCO"]
[Date "2013.07.10"]
[Round "5.22"]
[White "Parks,J"]
[Black "Marks,I"]
[Result "1-0"]
[WhiteElo "1897"]
[BlackElo "1981"]

1.d4 Nf6 2.c4 e6 3.Nc3 Bb4 4.f3 d5 5.a3 Bxc3+ 6.bxc3 c5 7.e3 O-O 8.cxd5 Nxd5
9.Qd2 Nc6 10.Bd3 cxd4 11.cxd4 e5 12.e4 Nf4 13.d5 Nd4 14.Rb1 f5 15.Bb2 Nxd3+
16.Qxd3 fxe4 17.fxe4 Qh4+ 18.g3 Qf6 19.Bxd4 exd4 20.Ne2 Qf2+ 21.Kd2 Bg4 22.Rbf1 Qxf1
23.Rxf1 Rxf1 24.Qxd4 Raf8 25.e5 Bh5 26.g4 Bg6 27.d6 R1f3  1-0

[Event "ch-BEL Open 2013"]
[Site "Antwerp BEL"]
[Date "2013.07.12"]
[Round "7.15"]
[White "Hajenius,W"]
[Black "Barbier,S"]
[Result "0-1"]
[WhiteElo "1923"]
[BlackElo "2115"]

1.d4 Nf6 2.c4 e6 3.Nc3 Bb4 4.f3 d5 5.Bg5 h6 6.Bh4 c5 7.e3 Nc6 8.cxd5 exd5
9.a3 Ba5 10.Bd3 Qb6 11.Rb1 cxd4 12.exd4 Qxd4 13.Bxf6 Qxf6 14.Ne2 Be6 15.O-O O-O
16.Kh1 Ne5 17.Bc2 Rfd8 18.f4 Nc4 19.Qd3 g6 20.Ng3 Nxb2 21.Rxb2 Qxc3 22.Rxb7 Qxd3
23.Bxd3 Bc8 24.Re7 Kf8 25.Re2 f5 26.h4 h5 27.Rc2 Bb6 28.Rc6 Kf7 29.Rd1 Bd7
30.Rd6 Ba4 31.Rxd8 Rxd8 32.Rb1 Re8 33.Nf1 Kf6 34.g3 Rc8 35.Rb2 Rc3  0-1

[Event "Universiade Men"]
[Site "Kazan RUS"]
[Date "2013.07.12"]
[Round "6.21"]
[White "Kantans,T"]
[Black "Jurcik,Mari"]
[Result "1-0"]
[WhiteElo "2343"]
[BlackElo "2512"]

1.d4 Nf6 2.c4 e6 3.Nc3 Bb4 4.f3 O-O 5.a3 Bxc3+ 6.bxc3 Ne8 7.e4 b6 8.Be3 Nc6
9.Bd3 Ba6 10.c5 Bxd3 11.Qxd3 d6 12.cxd6 cxd6 13.Nh3 Rc8 14.O-O Na5 15.f4 Qc7
16.Qe2 Nf6 17.Nf2 Qxc3 18.Bd2 Qxd4 19.Bb4 Rfd8 20.Rad1 Qc4 21.Rd3 d5 22.Be7 Nc6
23.Bxd8 Nxd8 24.e5 Ne8 25.Ng4 h5 26.Nf2 g6 27.g4 Ng7 28.Qf3 Nc6 29.Rfd1 Ne7
30.h3 Qa4 31.Rd4 Qc2 32.Kg2 Ngf5 33.gxf5 Nxf5 34.Qd3 Nxd4 35.Qxd4 Rc4 36.Qe3 Qa4
37.f5 gxf5 38.Qh6 Rc3 39.Rg1 h4 40.Nh1 f4 41.Qxh4 Kf8 42.Kh2 Qc2+ 43.Rg2  1-0

[Event "10th South Wales Int 2013"]
[Site "Penarth WLS"]
[Date "2013.07.15"]
[Round "4.9"]
[White "Kostanjsek,Luke"]
[Black "House,Glenn L"]
[Result "1-0"]
[WhiteElo "1929"]
[BlackElo "2211"]

1.d4 Nf6 2.c4 e6 3.Nc3 Bb4 4.f3 O-O 5.a3 Bxc3+ 6.bxc3 Ne8 7.e4 b6 8.Bd3 Ba6
9.e5 Nc6 10.Nh3 Qh4+ 11.Nf2 f6 12.f4 f5 13.O-O Na5 14.Qe2 c5 15.g3 Qe7 16.g4 g6
17.a4 Ng7 18.Ba3 Rac8 19.d5 Qh4 20.Rad1 Rf7 21.Bc1 Rcf8 22.Kg2 Bb7 23.Bc2 Ba6
24.Bd3 Kh8 25.Kg1 Rg8 26.Kh1 Bb7 27.Bc2 Ba6 28.Bd3 Bb7 29.Bc2 Ba6 30.Bd3 Rgf8
31.Rg1 Bb7 32.Bc2 Nxc4 33.Rg3 exd5 34.g5 Ne6 35.Qf3 Qh5 36.Qd3 d4+ 37.Kg1 Nxe5
38.fxe5 c4 39.Qxc4  1-0

[Event "28th Gniot Mem 2013"]
[Site "Police POL"]
[Date "2013.07.16"]
[Round "7.4"]
[White "Simantsev,M"]
[Black "Maniocha,A"]
[Result "1-0"]
[WhiteElo "2473"]
[BlackElo "2118"]

1.d4 Nf6 2.c4 e6 3.Nc3 Bb4 4.f3 c5 5.d5 Bxc3+ 6.bxc3 Qa5 7.e4 Qxc3+ 8.Bd2 Qe5
9.Ne2 Qc7 10.Bc3 d6 11.g4 Qe7 12.Ng3 h6 13.h4 Nbd7 14.dxe6 fxe6 15.Qd2 Ne5
16.Be2 b6 17.f4 Nc6 18.g5 hxg5 19.fxg5 Nd7 20.O-O-O Nde5 21.Qxd6 Qxd6 22.Rxd6 Ke7
23.Rxc6 Nxc6 24.Bxg7 Rh7 25.Bf6+ Kf8 26.g6 Rc7 27.h5 Ne7 28.Rf1 Kg8 29.e5 Ba6
30.Bd3 Rf8 31.h6 Nxg6 32.Bxg6 Bxc4 33.Rh1 Rh7 34.Ne4 Bd5 35.Rg1 Rxh6 36.Bf5+ Kf7
37.Nd6+  1-0

[Event "17th Battle of Senta"]
[Site "Senta SRB"]
[Date "2013.07.17"]
[Round "6.12"]
[White "Simonyi,Z"]
[Black "Miladinovic,L"]
[Result "1/2-1/2"]
[WhiteElo "2220"]
[BlackElo "2083"]

1.d4 Nf6 2.c4 e6 3.Nc3 Bb4 4.f3 Nc6 5.e4 d5 6.cxd5 exd5 7.e5 Ng8 8.a3 Ba5
9.f4 Nge7 10.Be3 O-O 11.Nf3 Bg4 12.Be2 Nf5 13.Bf2 Bb6 14.O-O Bxf3 15.Bxf3 Bxd4
16.Nxd5 Bxf2+ 17.Rxf2 Ncd4 18.Be4 c6 19.Qd3 cxd5 20.Bxf5 Nxf5 21.Qxf5 Qb6
22.Qd3 Rac8 23.Re1 Rc4 24.g3 Rfc8 25.Kg2 Qc6 26.Rd2 Rc2 27.Ree2 d4+ 28.Qf3 Rxd2
29.Rxd2 Qb6 30.Qe4 h6 31.f5 Rc6 32.Qd5 Qc5 33.Rxd4 Qc2+ 34.Rd2 Qxf5 35.Qd4 a6
36.Qf4 Qc8 37.Qd4 Rc2 38.Rxc2 Qxc2+ 39.Kh3 Qe2 40.a4 Qf1+ 41.Kg4 g6 42.Qe4 Qd1+
43.Kh3 Qf1+ 44.Kh4 Qd1 45.Kh3 Qf1+ 46.Kh4 Qd1  1/2-1/2

[Event "Czech Open G1 Rapid 2013"]
[Site "Pardubice CZE"]
[Date "2013.07.18"]
[Round "8.34"]
[White "Vybiral,Z"]
[Black "Sundararajan,K"]
[Result "1/2-1/2"]
[WhiteElo "2195"]
[BlackElo "2435"]

1.d4 Nf6 2.c4 e6 3.Nc3 Bb4 4.f3 d5 5.a3 Bxc3+ 6.bxc3 c6 7.e3 O-O 8.Bd3 b6
9.Ne2 Ba6 10.cxd5 Bxd3 11.Qxd3 cxd5 12.c4 dxc4 13.Qxc4 Qc8 14.Qb3 Nc6 15.Bd2 Qa6
16.Rc1 Rac8 17.Kf2 Rfd8 18.Rc4 e5 19.Rhc1 b5 20.Rc5 exd4 21.Qxb5 Qxb5 22.Rxb5 dxe3+
23.Bxe3 Nd5 24.Rbc5 Nce7 25.Rxc8 Rxc8 26.Bxa7 Ra8 27.Bc5 f6 28.Nc3 Kf7 29.Nb5 Ra5
30.Nd4 Nf4 31.Bb4 Nd3+ 32.Ke3 Nxb4 33.axb4 Nd5+ 34.Ke4 Nxb4 35.Rc7+ Kg6 36.f4 f5+
37.Kf3 Ra3+ 38.Ke2 Ra2+ 39.Kf3 Nd5 40.Rc6+ Nf6 41.Rc3 Ra4 42.Nc6 Rxf4+ 43.Kxf4 Nd5+
44.Ke5 Nxc3 45.Ne7+ Kg5 46.Nxf5 g6 47.Nd4 Nd1 48.Ke4 Nf2+ 49.Kf3 Nd3 50.Ne6+ Kf6
51.Nf4 Ne5+ 52.Kg3 g5 53.Nd5+ Ke6 54.Ne3 h5 55.h4 Kf6 56.Nd5+ Kg6 57.Ne7+ Kf7
58.hxg5 Kxe7 59.Kh4 Kf7 60.Kxh5  1/2-1/2

[Event "Czech Open G1 Rapid 2013"]
[Site "Pardubice CZE"]
[Date "2013.07.18"]
[Round "9.41"]
[White "Yakimenko,Alex"]
[Black "Kourousis,E"]
[Result "0-1"]
[WhiteElo "2208"]
[BlackElo "2391"]

1.d4 Nf6 2.c4 e6 3.Nc3 Bb4 4.f3 Nc6 5.a3 Bxc3+ 6.bxc3 b6 7.e4 d6 8.Be3 Na5
9.Nh3 Ba6 10.c5 Bxf1 11.Rxf1 dxc5 12.dxc5 Qxd1+ 13.Rxd1 Nd7 14.Ng5 Nc4 15.Bg1 h6
16.Nh3 O-O-O 17.cxb6 axb6 18.a4 Nde5 19.Ke2 Nc6 20.Nf4 Kb7 21.Nd3 Ra8 22.Ra1 Ra5
23.Rfb1 Rha8 24.f4 Kc8 25.Nb4 Nxb4 26.Rxb4 Nd6 27.Kf3 f5 28.exf5 exf5 29.g4 fxg4+
30.Kxg4 Kd7 31.h4 h5+ 32.Kf3 b5 33.Bd4 Rxa4 34.Rd1 Rxb4 35.cxb4 Ra3+ 36.Kg2 g6
37.Bc5 Kc6 38.Re1 Nf5 39.Re6+ Kd7 40.Rf6 Nxh4+ 41.Kf2 Ra2+ 42.Ke3 Rg2 43.Rf7+ Kc6
44.Ke4 Re2+ 45.Kd3 Re6 46.Bd4 Nf5 47.Be5 Nd6 48.Rg7 h4 49.Rh7 g5 50.Rh5 Nf7
51.Bd4 gxf4 52.Rxh4 Rd6 53.Rxf4 Nd8 54.Kc3 Ne6 55.Re4 Nxd4 56.Rxd4 Rxd4 57.Kxd4 Kd6
58.Kc3 Kd5 59.Kd3 c6  0-1

[Event "15th TCh-Eur Senior"]
[Site "Dresden GER"]
[Date "2013.07.21"]
[Round "2"]
[White "Hajenius,W"]
[Black "Lie,T"]
[Result "1-0"]
[WhiteElo "1923"]
[BlackElo "1596"]

1.d4 Nf6 2.c4 e6 3.Nc3 Bb4 4.f3 d5 5.a3 Bxc3+ 6.bxc3 O-O 7.e3 c6 8.cxd5 exd5
9.Bd3 Be6 10.Ne2 Nh5 11.Qc2 f5 12.Bd2 g6 13.O-O Nd7 14.e4 fxe4 15.fxe4 dxe4
16.Bxe4 Nb6 17.Bxg6 hxg6 18.Qxg6+ Ng7 19.Bh6 Qd7 20.Bxg7 Bf5 21.Qg5 Qxg7
22.Rxf5 Nd5 23.Raf1 Rxf5 24.Rxf5 Re8 25.Qh5 Rxe2 26.Qxe2 Nxc3 27.Qe8+ Kh7
28.Rh5+ Qh6 29.Rxh6+ Kxh6 30.Qe3+  1-0

[Event "Glorney Cup 2013"]
[Site "Cardiff ENG"]
[Date "2013.07.22"]
[Round "4.3"]
[White "Broadley,Henry"]
[Black "Courtney,John"]
[Result "1-0"]
[WhiteElo "1953"]
[BlackElo "1999"]

1.d4 Nf6 2.c4 e6 3.Nc3 Bb4 4.f3 d5 5.a3 Bxc3+ 6.bxc3 c5 7.cxd5 exd5 8.e3 O-O
9.Bd3 b6 10.Ne2 Ba6 11.Bc2 Re8 12.O-O Nc6 13.Re1 Rc8 14.Ng3 cxd4 15.Bf5 Rc7
16.cxd4 Bb7 17.a4 g6 18.Bd3 Nb4 19.a5 Qc8 20.axb6 axb6 21.Qb3 Nxd3 22.Qxd3 Rc3
23.Qb5 Re6 24.Bd2 Rc2 25.Rec1 Rec6 26.Rxc2 Rxc2 27.Nf1 Qc6 28.Qb4 Kg7 29.Qe7 Qc7
30.Qb4 Qc6 31.Ra7 Bc8 32.Qe7 Be6 33.Bb4 Qc8 34.Bd6 Nd7 35.Rxd7 Qxd7 36.Qf8+ Kf6
37.Qh8+ Kg5 38.Bf4+  1-0

[Event "Karpacz Open 2013"]
[Site "Karpacz POL"]
[Date "2013.07.22"]
[Round "1.1"]
[White "Moranda,W"]
[Black "Bernaszuk,K"]
[Result "1-0"]
[WhiteElo "2570"]
[BlackElo "1573"]

1.d4 Nf6 2.c4 e6 3.Nc3 Bb4 4.f3 d5 5.a3 Bxc3+ 6.bxc3 O-O 7.cxd5 exd5 8.e3 b6
9.Bd3 c6 10.Ne2 Ba6 11.O-O Re8 12.Ng3 Bxd3 13.Qxd3 Qc8 14.e4 dxe4 15.fxe4 Qe6
16.e5 Nd5 17.c4 Ne7 18.Bb2 Nd7 19.Ne4 Rf8 20.Rad1 Ng6 21.Qe2 Rab8 22.Ng5 Qe8
23.Qh5 h6 24.Ne4 b5 25.Nd6 Qe7 26.cxb5 cxb5 27.Nf5 Qg5 28.Qh3 Nf4 29.Rxf4 Qxf4
30.Bc1 Qe4 31.Bxh6 Rfe8 32.Bxg7 f6 33.Qh8+ Kf7 34.Nd6+  1-0

[Event "VIII Vladimir Dvorkovich Open"]
[Site "Taganrog RUS"]
[Date "2013.07.22"]
[Round "1.14"]
[White "Shamugia,Panteley"]
[Black "Mikhailov,Se1"]
[Result "0-1"]
[WhiteElo "1986"]
[BlackElo "2347"]

1.d4 Nf6 2.c4 e6 3.Nc3 Bb4 4.f3 c5 5.e3 O-O 6.Ne2 cxd4 7.exd4 d5 8.a3 Be7
9.Ng3 b6 10.Be3 Ba6 11.Nb5 Nc6 12.b4 dxc4 13.Bxc4 Rc8 14.Be2 Nd5 15.Bd2 Bxb5
16.Bxb5 Nxd4 17.Bd3 Nc3 18.Bxc3 Rxc3 19.O-O Nb3 20.Bxh7+ Kxh7 21.Qe2 Qd4+
22.Qf2 Qxf2+ 23.Kxf2 Nxa1 24.Rxa1 Bh4  0-1

[Event "39th Sitges Open"]
[Site "Sitges ESP"]
[Date "2013.07.23"]
[Round "2.1"]
[White "Grigoryan,K2"]
[Black "Montilla Carrillo,E"]
[Result "1-0"]
[WhiteElo "2550"]
[BlackElo "2261"]

1.d4 Nf6 2.c4 e6 3.Nc3 Bb4 4.f3 c5 5.d5 b5 6.e4 bxc4 7.Bxc4 Nxd5 8.Bxd5 exd5
9.Qxd5 Nc6 10.Ne2 Ba6 11.Kf2 Ne7 12.Qd6 Qb6 13.Rd1 Qxd6 14.Rxd6 Bb7 15.Be3 c4
16.Rd4 Nc6 17.Rdd1 Ne5 18.Nf4 O-O 19.Ncd5 Ba5 20.Bc5 Rfe8 21.Bd6 Bd8 22.Nc7 Bxc7
23.Bxc7 Bc6 24.h4 Rac8 25.Ba5 f6 26.Bc3 Ng6 27.Kg3 Ne7 28.Rd6 Ng6 29.Ne2 Kf7
30.Nd4 Ne7 31.Nxc6 dxc6 32.Rd7 a6 33.Rad1 Rb8 34.Ra7 Ra8 35.Rdd7 Rxa7 36.Rxa7 Rb8
37.Rxa6 Rb7  1-0

[Event "15th TCh-Eur Senior"]
[Site "Dresden GER"]
[Date "2013.07.24"]
[Round "5"]
[White "Strutinskaya,G"]
[Black "Sloth,J"]
[Result "1/2-1/2"]
[WhiteElo "2300"]
[BlackElo "2342"]

1.d4 Nf6 2.c4 e6 3.Nc3 Bb4 4.f3 c5 5.d5 d6 6.e4 O-O 7.Bd3 Re8 8.Ne2 a6 9.O-O exd5
10.exd5 Bxc3 11.Nxc3 h6 12.Bf4 Nh5 13.Bd2 Nd7 14.f4 Nhf6 15.g4 Nf8 16.h3 b5
17.cxb5 Qb6 18.Kh2 Bb7 19.bxa6 Bxa6 20.Bxa6 Rxa6 21.g5 hxg5 22.fxg5 N6d7
23.b3 Ng6 24.Qg4 Nde5 25.Qg3 Qb4 26.Rf2 Qd4 27.Re1 Rb8 28.Re4 Qd3 29.Qxd3 Nxd3
30.Rfe2 Nge5 31.Kg3 Rb4 32.Na4 Rxe4 33.Rxe4 c4 34.Bc3 Kf8 35.h4 g6 36.Nb2 Nc5
37.Rxe5 dxe5 38.Bb4 c3 39.Bxc5+ Ke8 40.Na4 Ra5 41.d6 c2 42.d7+ Kxd7 43.Be3 Ke6
44.Nc3 Kf5 45.a4 Ra8 46.b4 Rc8 47.Na2 Ke4 48.Kf2 c1=Q 49.Nxc1 Rc2+ 50.Ne2 Kd3
51.Bc5 Rxe2+ 52.Kg3 Ra2 53.a5 e4 54.Kf4 Ra4 55.Be3 Rxb4 56.a6 Ra4 57.a7 Ke2
58.Bd4 e3 59.Ke4 Kf2 60.Kd3 Ra3+ 61.Ke4 Ke2 62.Kf4 Ra4 63.Ke4 Kf2 64.Kd3 Kg3
65.Bxe3 Kxh4 66.Kc3 Kg4 67.Kb3 Ra6 68.Kb4 Kg3 69.Kb5 Ra2 70.Bb6 Rxa7 71.Bxa7 Kf4
72.Kc4 Kxg5 73.Kd4 Kf4  1/2-1/2